<?xml version="1.0" encoding="UTF-8"?>
<record
    xmlns:xsi="http://www.w3.org/2001/XMLSchema-instance"
    xsi:schemaLocation="http://www.loc.gov/MARC21/slim http://www.loc.gov/standards/marcxml/schema/MARC21slim.xsd"
    xmlns="http://www.loc.gov/MARC21/slim">

  <leader>01419nab a2200205uuc4500</leader>
  <controlfield tag="001">1341170</controlfield>
  <controlfield tag="005">20240820090155.0</controlfield>
  <controlfield tag="008">130829m01uu2012                    spa  </controlfield>
  <datafield tag="035" ind1=" " ind2=" ">
    <subfield code="a">1341170</subfield>
  </datafield>
  <datafield tag="040" ind1=" " ind2=" ">
    <subfield code="c">comduadb</subfield>
  </datafield>
  <datafield tag="041" ind1=" " ind2=" ">
    <subfield code="a">spa</subfield>
  </datafield>
  <datafield tag="100" ind1="1" ind2="0">
    <subfield code="a">Schumacher, Christian</subfield>
    <subfield code="4">aut</subfield>
    <subfield code="0">(isni)0000 0003 5906 9865</subfield>
    <subfield code="0">(viaf)215347431</subfield>
    <subfield code="e">aut</subfield>
    <subfield code="9">293593</subfield>
  </datafield>
  <datafield tag="245" ind1="1" ind2="0">
    <subfield code="a">Especies naturales, leyes causales y conceptos m&#xE1;gicos: una aproximaci&#xF3;n a lo real maravilloso americano</subfield>
  </datafield>
  <datafield tag="520" ind1="3" ind2=" ">
    <subfield code="a">La historia de las ideas en Am&#xE9;rica Latina est&#xE1; atravesada por una relaci&#xF3;n enajenada con la naturaleza, que aparece como m&#xE1;gica, indescifrable y hostil. Las dos caracter&#xED;sticas principales de esta concepci&#xF3;n de naturaleza son la abundancia de especies extra&#xF1;as y la impredecibilidad de los acontecimientos .En este ensayo argumentar&#xE9; que la primera caracter&#xED;stica es un efecto natural del proceso de aprendizaje inductivo bajo condiciones del Descubrimiento y de la Conquista, y que la segunda caracter&#xED;stica es a su vez un efecto de la manera c&#xF3;mo las expectativas emp&#xED;ricas con las especies extra&#xF1;as fueron cifradas en leyes causales.</subfield>
  </datafield>
  <datafield tag="650" ind1=" " ind2="7">
    <subfield code="a">Realismo m&#xE1;gico (Literatura)</subfield>
    <subfield code="2">lemb</subfield>
    <subfield code="9">52182</subfield>
  </datafield>
  <datafield tag="650" ind1=" " ind2=" ">
    <subfield code="a">Historia de las ideas - America Latina</subfield>
    <subfield code="9">100687</subfield>
  </datafield>
  <datafield tag="650" ind1=" " ind2=" ">
    <subfield code="a">Naturaleza (Filosof&#xED;a)</subfield>
    <subfield code="9">67562</subfield>
  </datafield>
  <datafield tag="773" ind1="0" ind2=" ">
    <subfield code="t">Aret&#xE9; : Revista de Filosof&#xED;a (Lima)</subfield>
    <subfield code="g">Vol. 24, No. 01, 2012, 153-177</subfield>
    <subfield code="w">92929</subfield>
    <subfield code="z">1016913X</subfield>
    <subfield code="0">90069</subfield>
  </datafield>
  <datafield tag="942" ind1=" " ind2=" ">
    <subfield code="c">ARIMP</subfield>
  </datafield>
  <datafield tag="999" ind1=" " ind2=" ">
    <subfield code="c">652812</subfield>
    <subfield code="d">652812</subfield>
  </datafield>
</record>
